Αρθρογραφία σε διεθνές επίπεδο, των διεθνών λογιστικών και ελεγκτικών προτύπων : διπλωματική εργασία

Saved in:
Bibliographic Details
Main Author: Πανουργιάς, Χρήστος
Corporate Author: Πανεπιστήμιο Αιγαίου Σχολή Επιστημών της Διοίκησης Τμήμα Διοίκησης Επιχειρήσεων Πρόγραμμα Μεταπτυχιακών Σπουδών στη Διοίκηση Επιχειρήσεων - M.B.A
Other Authors: Ρογδάκη, Ελένη (Thesis advisor)
Format: Thesis Book
Language:Greek
Published: 2006
Subjects:
Tags: Add Tag
No Tags, Be the first to tag this record!

MARC

LEADER 00000cam a2200000 i 4500
001 1/38621
008 061204s2006 gre d
035 |l 10086390 
040 |a GR-MY-UA  |b gre  |e aacr 
041 0 |a gre 
082 0 |a 657.0218  |2 (22) 
100 1 |a Πανουργιάς, Χρήστος. 
245 1 0 |a Αρθρογραφία σε διεθνές επίπεδο, των διεθνών λογιστικών και ελεγκτικών προτύπων :  |b διπλωματική εργασία /  |c Πανουργιάς Χρήστος ; καθηγήτρια Ρογδάκη Ελένη 
260 |c 2006 
300 |a 1τ.;  |c 30 εκ. 
500 |a Περιλαμβάνονται άρθρα περιοδικών στην αγγλική γλώσσα 
502 # # |a Διατριβή (μεταπτυχιακή) – Πανεπιστήμιο Αιγαίου, Χίος, 2006. 
504 |a Περιλαμβάνει βιβλιογραφία 
610 2 0 |a Πανεπιστήμιο Αιγαίου. 
650 0 0 |a Accounting  |x Standards. 
650 0 0 |a Dissertations, Academic  |z Greece. 
700 1 |a Ρογδάκη, Ελένη.  |4 ths 
710 1 |a Πανεπιστήμιο Αιγαίου  |b Σχολή Επιστημών της Διοίκησης  |b Τμήμα Διοίκησης Επιχειρήσεων  |b Πρόγραμμα Μεταπτυχιακών Σπουδών στη Διοίκηση Επιχειρήσεων - M.B.A. 
852 |a INST  |b CHIOS  |c DIATR  |e 20061204  |h 657.0218 ΠΑΝ  |p 005200026555  |q 005200026555  |t MTXE  |y 23 
852 |a INST  |b CHIOS  |c DIATR  |e 20061204  |h 657.0218 ΠΑΝ  |p 005200026556  |q 005200026556  |t MTXE  |y 23 
901 |a BIBL2-2006-3 
909 |a Χ  |b 130745 
909 |a Χ  |b 130746 
924 |a ΠΑΝΟΥΡΓΙΑΣ  |b ΧΡΗΣΤΟΣ  |y ΧΙΟΣ  |z 2006-11 
970 |a ΒΑΣΙΛΑΚΗ  |b ΝΙΚΗ  |z 2006/12/04